Applied Computing and Information Technology (Запис № 450503)

МАРК-запис
000 -LEADER
fixed length control field 04625nam a22005655i 4500
001 - CONTROL NUMBER
control field 978-3-319-51472-7
003 - CONTROL NUMBER IDENTIFIER
control field DE-He213
005 - DATE AND TIME OF LATEST TRANSACTION
control field 20210118142025.0
007 - PHYSICAL DESCRIPTION FIXED FIELD--GENERAL INFORMATION
fixed length control field cr nn 008mamaa
008 - FIXED-LENGTH DATA ELEMENTS--GENERAL INFORMATION
fixed length control field 170314s2017 gw | s |||| 0|eng d
020 ## - INTERNATIONAL STANDARD BOOK NUMBER
International Standard Book Number 9783319514727
-- 978-3-319-51472-7
024 7# - OTHER STANDARD IDENTIFIER
Standard number or code 10.1007/978-3-319-51472-7
Source of number or code doi
050 #4 - LIBRARY OF CONGRESS CALL NUMBER
Classification number Q342
072 #7 - SUBJECT CATEGORY CODE
Subject category code UYQ
Source bicssc
072 #7 - SUBJECT CATEGORY CODE
Subject category code TEC009000
Source bisacsh
072 #7 - SUBJECT CATEGORY CODE
Subject category code UYQ
Source thema
082 04 - DEWEY DECIMAL CLASSIFICATION NUMBER
Classification number 006.3
Edition number 23
245 10 - TITLE STATEMENT
Title Applied Computing and Information Technology
Medium [electronic resource] /
Statement of responsibility, etc edited by Roger Lee.
250 ## - EDITION STATEMENT
Edition statement 1st ed. 2017.
264 #1 -
-- Cham :
-- Springer International Publishing :
-- Imprint: Springer,
-- 2017.
300 ## - PHYSICAL DESCRIPTION
Extent XIII, 197 p. 86 illus., 43 illus. in color.
Other physical details online resource.
336 ## -
-- text
-- txt
-- rdacontent
337 ## -
-- computer
-- c
-- rdamedia
338 ## -
-- online resource
-- cr
-- rdacarrier
347 ## -
-- text file
-- PDF
-- rda
490 1# - SERIES STATEMENT
Series statement Studies in Computational Intelligence,
Міжнародний стандартний серійний номер для назви серії (ISSN) 1860-949X ;
Том/ позначення послідовності 695
505 0# - FORMATTED CONTENTS NOTE
Formatted contents note Business Sustainability Conceptualization -- A Replicated Study on Relationship between Code Quality and Method Comments -- A Predictive Model for Standardized Test Performance in Michigan Schools -- A Development Technique for Mobile Applications Program -- Identification Method Applications Development using Adapting Component Model -- Development of Guiding Walking Support Device for Visually Impaired People with the GPS -- User Evaluation Prediction Models Based on Conjoint Analysis and Neural Networks for Interactive Evolutionary Computation -- Emotional Video Scene Retrieval Using Multilayer Convolutional Network -- Proactive Approach for the Prevention of DDoS Attacks in Cloud Computing Environments -- Practical Uses of Memory Storage Extension -- How to Build a High Quality Mobile Applications Based on Improved Process -- A New Hybrid Discrete Firefly Algorithm for Solving the Traveling Salesman Problem.
520 ## - SUMMARY, ETC.
Summary, etc This edited book presents scientific results of the 4th International Conference on Applied Computing and Information Technology (ACIT 2016) which was held on December 12–14, 2016 in Las Vegas, USA. The aim of this conference was to bring together researchers and scientists, businessmen and entrepreneurs, teachers, engineers, computer users, and students to discuss the numerous fields of computer science and to share their experiences and exchange new ideas and information in a meaningful way. The aim of this conference was also to bring out the research results about all aspects (theory, applications and tools) of computer and information science, and to discuss the practical challenges encountered along the way and the solutions adopted to solve them. The conference organizers selected the best papers from those papers accepted for presentation at the conference. The papers were chosen based on review scores submitted by members of the Program Committee, and underwent further rigorous rounds of review. This book captures 11 of the conference’s most promising papers, and the readers impatiently await the important contributions that they know these authors are going to bring to the field of computer and information science.
506 ## - RESTRICTIONS ON ACCESS NOTE
Terms governing access Available to subscribing member institutions only. Доступно лише організаціям членам підписки.
506 ## - RESTRICTIONS ON ACCESS NOTE
Standardized terminology for access restriction Online access from local network of NaUOA.
506 ## - RESTRICTIONS ON ACCESS NOTE
Standardized terminology for access restriction Online access with authorization at https://link.springer.com/
506 ## - RESTRICTIONS ON ACCESS NOTE
Standardized terminology for access restriction Онлайн-доступ з локальної мережі НаУОА.
506 ## - RESTRICTIONS ON ACCESS NOTE
Standardized terminology for access restriction Онлайн доступ з авторизацією на https://link.springer.com/
650 #0 - SUBJECT ADDED ENTRY--TOPICAL TERM
Topical term or geographic name as entry element Computational intelligence.
650 #0 - SUBJECT ADDED ENTRY--TOPICAL TERM
Topical term or geographic name as entry element Artificial intelligence.
650 14 - SUBJECT ADDED ENTRY--TOPICAL TERM
Topical term or geographic name as entry element Computational Intelligence.
-- http://scigraph.springernature.com/things/product-market-codes/T11014
650 24 - SUBJECT ADDED ENTRY--TOPICAL TERM
Topical term or geographic name as entry element Artificial Intelligence.
-- http://scigraph.springernature.com/things/product-market-codes/I21000
700 1# - ADDED ENTRY--PERSONAL NAME
Personal name Lee, Roger.
Relator term editor.
Relator code edt
-- http://id.loc.gov/vocabulary/relators/edt
710 2# - ADDED ENTRY--CORPORATE NAME
Corporate name or jurisdiction name as entry element SpringerLink (Online service)
773 0# - HOST ITEM ENTRY
Title Springer eBooks
776 08 - ADDITIONAL PHYSICAL FORM ENTRY
Display text Printed edition:
International Standard Book Number 9783319514710
776 08 - ADDITIONAL PHYSICAL FORM ENTRY
Display text Printed edition:
International Standard Book Number 9783319514734
776 08 - ADDITIONAL PHYSICAL FORM ENTRY
Display text Printed edition:
International Standard Book Number 9783319846590
830 #0 - SERIES ADDED ENTRY--UNIFORM TITLE
Uniform title Studies in Computational Intelligence,
-- 1860-949X ;
Volume number/sequential designation 695
856 40 - ELECTRONIC LOCATION AND ACCESS
Uniform Resource Identifier <a href="https://doi.org/10.1007/978-3-319-51472-7">https://doi.org/10.1007/978-3-319-51472-7</a>
912 ## -
-- ZDB-2-ENG
942 ## - ADDED ENTRY ELEMENTS (KOHA)
Koha item type ЕКнига

Немає доступних примірників.